| 000 | 00370cam a22001337a 4500 | ||
|---|---|---|---|
| 008 | 180718b1973 xxu||||| |||| 00| 0 eng d | ||
| 082 | _aLx42 P926/73 | ||
| 100 | _aPrest, A.R. | ||
| 245 |
_aPublic finance in underdeveloped countries _cby A.R. Prest |
||
| 250 | _a2nd ed. | ||
| 260 |
_aDelhi _bVikas _c1973 |
||
| 300 | _a208p. | ||
| 650 | _aFinance, Public - United Kingdom | ||
| 999 |
_c351789 _d351789 |
||